1729 1460 1808 1933 1190 1912 1074 1207 1961 1778 1474 1499 1589 1251 1265 1876 1385 1084 1188 1639 1190 1649 1791 1872 1172 1471 1331 1089 1372 1712 1230 1631 1923 1809 1734 1490 1998 1189 1994 1541 1711 1813 1982 1963 1243 1991 1262 1089 1338 1296 1345 1997 1925 1131 1246 1085 1684 2000 1801 1019 1637 1517 1632 1084 1503 1042 1166 1190 1223 1009 1994 1427 1994 1343 1388 1838 1372 1923 1960 1974 1387 1311 1054 1646 1824 1748 1751 1495 1600 1537 1199 1011 1729 1575 1942 1151 1565 1884 1966 BCNSPRNW ULIB Ver.6.0+V

เปลี่ยนเป็นภาษาไทย

Change to English
 แสดงรายละเอียดบรรณานุกรม
  กลับหน้าหลัก

Brief Record : Get Marc (ISO 2709) : E-mail record : QR code < ปิดหน้าต่าง
LEADER : 00000nam 2200000uu 4500
001    13399121977
003     ULIB
008    121218s2550||||th 000 0 tha d
020    ^a9789743238970
060 04 ^aWG210^bส181ป 2550
245 00 ^aเปิดโปง 39 เรื่องราวซ่อนเงื่อนของหัวใจ /^cสถาบันหัวใจเพอร์เฟคฮาร์ท
260    ^aกรุงเทพฯ :^bมติชน,^c2550
300    ^a225 หน้า :^bภาพประกอบ ;^c21 ซม.
650  7 ^aหัวใจ^xโรค^xการป้องกันและควบคุม
650  7 ^aหัวใจ^xโรค^xการรักษา
650  7 ^aหัวใจร่วมหลอดเลือด, โรค
710 2  ^aสถาบันหัวใจเพอร์เฟคฮาร์ท
945    ^p150^l0^i14076
995    ^aกัณชพร
999 ^a ใช้งานได้ทุกระบบ
รายการนี้ยังไม่มีแท็ก
คุณยังไม่ได้ล็อกอิน คุณสามารถมีกิจกรรมร่วมกับเว็บไซต์ได้ แต่ต้องล็อกอินก่อน ::
  ล็อกอิน

รายการสื่อสารสนเทศ

ลำดับที่ ประเภท เลขเรียก/บาร์โค้ด สถานที่ สถานะ
1. วิทยาศาสตร์การแพทย์ และสุขภาพ
วิทยาศาสตร์การแพทย์ และสุขภาพ
WG210 ส181ป 2550  
  Barcode: 14076
ห้องสมุดวิทยาเขตสวรรค์ประชารักษ์
►ส่วนจัดเก็บหนังสือเก่า สปร
บนชั้น
  ขอยืม

รายการใกล้เคียง
    หัวเรื่อง [หัวใจร่วมหลอดเลือด, โรค]

BibComment


ยังไม่เคยถูกคอมเมนท์

คอมเมนท์ทรัพยากรรายการนี้
  คอมเมนท์: เปิดโปง 39 เรื่อ..


 Copyright 2026. Bcnsprnw @Library